Diseño general de perforadora rotativa

El presente trabajo se desarrolló con el fin de obtener el diseño de una perforadora rotativa para pozos. Adicionalmente, se debe resaltar que el estudio tiene como finalidad ser un precedente, para que posteriormente pueda ser construida a un bajo costo y empleada en la perforación de pozos de a...

Full description

Bibliographic Details
Main Authors: Rodríguez Castellón, Rigoberto José, Zeas Herrera, René Martín, Rayos Vallecillo, Rodolfo Manuel
Other Authors: Tutor: González Murillo, Manuel de Jesús
Format: Tesis Section = Libro
Language:Undetermined
Spanish
Published: Managua UNI 2020
Subjects:
LEADER 01520nam a2200265Ia 4500
008 240830s9999 xx 000 0 und d
040 |a BIBLIOTECA-RUPAP Mon 621.95 R696 
041 |a spa 
082 |a Mon 621.95 R696 
100 1 |a Rodríguez Castellón, Rigoberto José 
100 1 |b Zeas Herrera, René Martín 
100 1 |c Rayos Vallecillo, Rodolfo Manuel 
245 1 0 |a Diseño general de perforadora rotativa 
260 |a Managua  |b UNI  |c 2020 
300 |a p. irreg. :il. 
500 |a Contiene: anexos y CD 
502 |a Tesis (Ingeniero Agrícola)- UNI, 2020. 
520 3 |a El presente trabajo se desarrolló con el fin de obtener el diseño de una perforadora rotativa para pozos. Adicionalmente, se debe resaltar que el estudio tiene como finalidad ser un precedente, para que posteriormente pueda ser construida a un bajo costo y empleada en la perforación de pozos de agua en zonas de escasos recursos económicos en nuestro país Nicaragua, a la vez este equipo se puede utilizar con fines académicos en nuestra Alma Mater para introducir al mundo de la exploración y perforación de mantos acuíferos induciéndoles a una nueva visión a su futuro como ingenieros útiles a la sociedad. 
650 7 |a HERRAMIENTAS PARA PERFORAR-DISEÑO 
650 7 |b PERFORADORA ROTATIVA PARA POZOS-DISEÑO Y CONSTRUCCION AGUA SUBTERRANEA 
650 7 |c PERFORACION DE MANTOS ACUIFEROS 
700 1 |a Tutor:  |b González Murillo, Manuel de Jesús 
942 |c BK  |2 ddc 
991 |a TESIS 
999 |c 15834